LEADER 01156nam--2200361---450 001 990000391610203316 005 20200610070714.0 010 $a8878120057 035 $a0039161 035 $aUSA010039161 035 $a(ALEPH)000039161USA01 035 $a0039161 100 $a20010405d1987----km-y0itay0103----ba 101 $aita 102 $aIT 105 $a||||||||001yy 200 1 $a<> futuro delle biblioteche$eatti del XXXIII Congresso nazionale dell'Associazione italiana biblioteche$eSirmione,8-11 maggio 1986$fa cura di Giuseppe Origgi e Gianni Stefanini 210 $aRoma$cAssociazione italiana biblioteche$d1987 215 $a360 p.$d21 cm 410 $12001 606 0 $aBiblioteche$xAutomazione$xCongressi$z1986 676 $a025.00285 702 1$aORIGGI,$bGiuseppe 702 1$aSTEFANINI,$bGianni 710 02$aAssociazione italiana biblioteche$0104838 801 0$aIT$bsalbc$gISBD 912 $a990000391610203316 951 $aI.2.B. 55 (XIII B 53)$b95904 LM$cXIII B 951 $a025 ASS$b0011558 CBS$c025$d00106991 959 $aBK 969 $aSCI 996 $aFuturo delle biblioteche$9154266 997 $aUNISA LEADER 01717nam 2200397Ia 450 001 996384288503316 005 20221107205949.0 035 $a(CKB)1000000000599404 035 $a(EEBO)2240924184 035 $a(OCoLC)9920469200971 035 $a(EXLCZ)991000000000599404 100 $a19950918d1603 uy | 101 0 $aeng 135 $aurbn||||a|bb| 200 10$aBy the King$b[electronic resource] $eforasmuch as the Kings Maiesties our soueraigne lord is credibly informed, that the infection of the plague is at this present in sundry places in and about the citie of London .. 210 $aImprinted at London $cBy Robert Barker, Printer to the Kings most excellent Maiestie$dAnno 1603 215 $a1 sheet ([1] p.) 300 $aOther title information from first 2 lines of text. 300 $aFor adjourning part of Michaelmas term; continuing collection of money due to the king. 300 $a"Giuen at his Maiesties Mannour of Woodstocke the sixteenth day of September 1603. in the first yeere of his Highnesse Reigne of England, France and Ireland, and of Scotland the seuen and thirtieth." 300 $aReproduction of original in: Society of Antiquaries. 330 $aeebo-0147 606 $aPlague$zEngland$zLondon$xPrevention 606 $aTerms of court$zEngland 607 $aGreat Britain$xHistory$yJames I, 1603-1625 608 $aBroadsides$zLondon (England)$y17th century.$2rbgenr 615 0$aPlague$xPrevention. 615 0$aTerms of court 701 $aJames$cKing of England,$f1566-1625.$01001019 801 0$bEBK 801 1$bEBK 801 2$bWaOLN 906 $aBOOK 912 $a996384288503316 996 $aBy the King$92299281 997 $aUNISA